Normal view MARC view

Entry Topical Term

Number of records used in: 1

001 - CONTROL NUMBER

  • control field: 28057

003 - CONTROL NUMBER IDENTIFIER

  • control field: OSt

005 - DATE AND TIME OF LATEST TRANSACTION

  • control field: 20230715090000.0

008 - FIXED-LENGTH DATA ELEMENTS

  • fixed length control field: 230715|| aca||aabn | a|a d

040 ## - CATALOGING SOURCE

  • Original cataloging agency: OSt
  • Transcribing agency: OSt

150 ## - HEADING--TOPICAL TERM

  • Topical term or geographic name entry element: နိုင်ငံတော်ငြမ်ဝပ်ပိပြားမှု တည်ဆောက်ရေးအဖွဲ့။

670 ## - SOURCE DATA FOUND

  • Source citation: Work cat.: (OSt): နိင်ငံတော်ငြိမ်ဝပ် ပိပြား‌မှု တည်ဆောက်ရေးအဖွဲ့ဥက္ကဌတပ်မတော်ကာကွယ်ရေးဦးစီးချုပ် ဗိုလ်မှူးကြီးစောမောင်.../, ၁၉၉၀။

Library - 09407999929
Admin Office - 09407999979
Dean Office - 09250910768
Registrar Office - 09892297154
Email - [email protected]
Shan State Buddhist University, Phaya Phyu Taunggyi, Shan State, Myanmar.